Desde mi tarima / por Francisco Medina Benavente
Descripción Física:
39 p. ; 21 cm
Materias:
Pedagogia
MARC
| LEADER | 00000nam a2200000Ia 4500 | ||
|---|---|---|---|
| 001 | 5451 | ||
| 003 | BGR | ||
| 005 | 20260324175305.0 | ||
| 008 | 160829s1987] xx 000 0 cat d | ||
| 080 | |a FU-4-30 | ||
| 100 | |a Medina Benavente, Francisco |9 25106 | ||
| 245 | |a Desde mi tarima / por Francisco Medina Benavente | ||
| 260 | |a [Barcelona : |b Diputació de Barcelona. Escola d'Arts i Oficis, |c 1987] | ||
| 300 | |a 39 p. ; |c 21 cm | ||
| 650 | |a Pedagogia |9 35391 | ||
| 710 | 2 | |a Escola d'Arts i Oficis (Barcelona, Catalunya) |9 55874 | |
| 901 | |a Arxiu | ||
| 942 | |n 1 |2 udc |c MON | ||
| 952 | |0 0 |1 0 |4 0 |6 FU430 |7 1 |9 43452 |a Arxiu |b Arxiu |d 2016-12-01 |l 0 |o FU-4-30 |p 5451 |r 2016-12-01 00:00:00 |w 2016-12-01 |y ARXIU | ||
| 999 | |c 45998 |d 45998 | ||